Profesionálna rodina v procese optimalizácie organizačných foriem ústavnej výchovy
Zákon o sociálnoprávnej ochrane detí a sociálnej kuratele vytvoril legislatívne podmienky pre skvalitnenie práce s rodinou, prehĺbenie využívania rôznych foriem náhradnej starostlivosti a transformáciu detských domovov, zameranú na transformáciu výchovných podmienok, personálnej štruktúry, priestoro...
Saved in:
| Main Author: | |
|---|---|
| Format: | Book Chapter |
| Language: | Slovak |
| Subjects: | |
| Tags: |
No Tags, Be the first to tag this record!
|
MARC
| LEADER | 00000nla a2200000 4500 | ||
|---|---|---|---|
| 001 | 0170080 | ||
| 005 | 20240502072938.5 | ||
| 041 | 0 | |a slo | |
| 044 | |a SK | ||
| 245 | 1 | 0 | |a Profesionálna rodina v procese optimalizácie organizačných foriem ústavnej výchovy |c Mária Husáková |
| 520 | |a Zákon o sociálnoprávnej ochrane detí a sociálnej kuratele vytvoril legislatívne podmienky pre skvalitnenie práce s rodinou, prehĺbenie využívania rôznych foriem náhradnej starostlivosti a transformáciu detských domovov, zameranú na transformáciu výchovných podmienok, personálnej štruktúry, priestorových podmienok a hospodársko-ekonomických podmienok. Príspevok je zameraný na analýzu plnenia zámerov v oblasti uplatnenia a rozvoja profesionálnych rodín v Slovenskej republike a ďalšie rozvojové plány podporujúce deinštitucionalizáciu náhradnej starostlivosti. | ||
| 610 | 2 | 0 | |a deti |
| 610 | 2 | 0 | |a starostlivosť o deti |
| 610 | 2 | 0 | |a služby starostlivosti sociálnej |
| 610 | 2 | 0 | |a politika rodinná |
| 610 | 2 | 0 | |a rodina profesionálna |
| 100 | 1 | |a Husáková, Mária | |